Zákazy použití důkazů ve světle obecného nařízení o ochraně osobních údajů (GDPR)
Príspevok analyzuje, do akej miery môže GDPR ovplyvniť prípustnosť takto získaných dôkazov v civilnom konaní. Autorka sa sústreďuje na rakúsku právnu úpravu, ktorá dlhodobo vychádza zo zásady oddelenia medzi protiprávnym získaním dôkazu a jeho procesnou využiteľnosťou. Významnú pozornosť autorka ven...
Gespeichert in:
| 1. Verfasser: | |
|---|---|
| Format: | Buchkapitel |
| Sprache: | Tschechisch |
| Schlagworte: | |
| Tags: |
Keine Tags, Fügen Sie das erste Tag hinzu!
|
MARC
| LEADER | 00000naa a2200000 4500 | ||
|---|---|---|---|
| 001 | 0312640 | ||
| 005 | 20251006134949.7 | ||
| 041 | 0 | |a cze | |
| 044 | |a SK | ||
| 245 | 1 | 0 | |a Zákazy použití důkazů ve světle obecného nařízení o ochraně osobních údajů (GDPR) |c Lena Werderitsch |
| 520 | |a Príspevok analyzuje, do akej miery môže GDPR ovplyvniť prípustnosť takto získaných dôkazov v civilnom konaní. Autorka sa sústreďuje na rakúsku právnu úpravu, ktorá dlhodobo vychádza zo zásady oddelenia medzi protiprávnym získaním dôkazu a jeho procesnou využiteľnosťou. Významnú pozornosť autorka venuje judikatúre Súdneho dvora EÚ, ktorá potvrdzuje aplikovateľnosť GDPR aj na súdne dokazovanie. Rozoberá sa, či ochrana osobných údajov môže viesť k absolútnemu zákazu využitia protiprávne získaných dôkazov. | ||
| 610 | 2 | 0 | |a dôkazy |
| 610 | 2 | 0 | |a dokazovanie |
| 610 | 2 | 0 | |a ochrana údajov osobných |
| 610 | 2 | 0 | |a GDPR |
| 610 | 2 | 0 | |a právo občianske |
| 610 | 2 | 0 | |a technika audiovizuálna |
| 100 | 1 | |a Werderitsch, Lena | |